000 00569nam a2200205Ia 4500
008 160303s9999 xx 000 0 und d
020 _a978-971-27-1930-1
050 _aFIL HB 615
050 _b.I58 2007
245 _aIntroduction to entrepreneurship :
245 _bsuccess stories of filipino enreneurs /
245 _cby The Association of Filipino Franchisers, Inc.
260 _aPasig City:
260 _bAnvil Pub. Inc.,
260 _c2007
300 _a184 pages :
300 _billustrations ;
300 _c22 cm.
650 _aEntrepreneurship.
999 _c291373
_d291373